000 01771cam a22004454i 4500
003 PE-LiUPU
005 20250731173251.0
008 150625s r 000 0 d
020 _a1850750890
035 _a(Sirsi) i9781850750895
040 _aPE-LiUPU
_bspa
_cPE-LiUPU
_erda
049 _aPRUA
082 0 4 _a236.1
_bB669
_221
100 1 _aBoer, Martinus C. de (Martinus Christianus),
_d1947- ,
_eautor.
245 1 4 _aThe defeat of death :
_bapocalyptic eschatology in 1 Corinthians 15 and Romans 5 /
_cMartinus C. de Boer.
264 1 _aEngland :
_bSheffield Academic Press Ltd.,
_c1988.
300 _aEngland :
_bJSOT Press ;
_c1988
336 _atext
_2rdacontent
337 _aunmediated
_2rdamedia
338 _avolume
_2rdacarrier
505 0 _aDeath and Apocalyptic Eschatology in Paul's Thought. -Paul and Apocalyptic Eschatology in Recent Study. -Death, resurrection, and eternal life in jewish apocalyptic eschatology. -Corinthians 15: Death and resurrection of the dead. -Romans 5: death and eternal life. -Death and Apocalyptic Eschatology in 1 Corinthians 15 and Romans 5.
526 _aSEG42
526 _aSEG41
526 _aSEG40
526 _aSEG39
526 _aP94
526 _aP87
526 _aP86
526 _aP85
526 _aP77
526 _aP76
526 _aP35
650 0 4 _aMuerte.
942 _2ddc
_cBOOK
949 _a236.1 B669
_wDEWEY
_c1
_i37933
_lCCODEBUL1
_mBUL
_r0
_sY
_tBOOK
_u2015-6-25
_xTEOLOGIA
_zUNKNOWN
_0COMPRA
_o.STAFF. Colección General
994 _aC0
_bPEPRU
596 _a1
999 _a236.1 B669
_wDEWEY
_c43571
_i37933
_f2021-11-10
_g5
_lCCODEBUL1
_mBUL
_r0
_sY
_tBOOK
_u2015-6-25
_xTEOLOGIA
_zUNKNOWN
_0COMPRA
_o.STAFF. Colección General
_d43571
980 _81
_gALBERTO SANCHEZ Responsable de Automatización